000 00555nam a22001817a 4500
003 OSt
005 20260129064955.0
008 260129b |||||||| |||| 00| 0 eng d
020 _a9781845571924
040 _aDWCL GS library
_cOC
082 _aFic. B532g 2005
100 _aBero, Bibi
245 _athe giant frog
_b: and the other stories
260 _aplace of publication
_bnew dawn press group
_cc2005
300 _a143
_billustrations
_c20cm
700 _aBibi Bero
942 _2ddc
_cFIC.
_hFic. B532g 2005
_n0
999 _c7989
_d7989